LIBRARY ONLINE CATALOGUE

Marketing simplified / (Record no. 10573)

MARC details
000 -LEADER
fixed length control field 00703cam a22002292 4500
001 - CONTROL NUMBER
control field 0000002173
005 - DATE AND TIME OF LATEST TRANSACTION
control field 20151217154332.0
008 - FIXED-LENGTH DATA ELEMENTS--GENERAL INFORMATION
fixed length control field 070404s xx 000 0 eng d
020 ## - INTERNATIONAL STANDARD BOOK NUMBER
Terms of availability KES 665
040 ## - CATALOGING SOURCE
Original cataloging agency KABU
Transcribing agency KABU
050 #0 - LIBRARY OF CONGRESS CALL NUMBER
Classification number HF5415
Item number .S25
100 1# - MAIN ENTRY--PERSONAL NAME
Personal name Saleemi, Nisar Ahmad.
-- 0000151299
245 10 - TITLE STATEMENT
Title Marketing simplified /
Statement of responsibility, etc. Nisar Ahmad Saleemi and Elikanah K. Njoroge.
260 ## - PUBLICATION, DISTRIBUTION, ETC. (IMPRINT)
Place of publication, distribution, etc. Nairobi :
Name of publisher, distributor, etc. N. A. Saleemi,
Date of publication, distribution, etc. 1997.
300 ## - PHYSICAL DESCRIPTION
Extent 487 p. ;
Dimensions 21 cm.
650 #0 - SUBJECT ADDED ENTRY--TOPICAL TERM
Topical term or geographic name as entry element Marketing.
-- 0000151351
700 1# - ADDED ENTRY--PERSONAL NAME
Personal name Njoroge, Elkanah K.
-- 0000151433
908 ## - PUT COMMAND PARAMETER (RLIN)
Put command parameter 070404
950 ## - LOCAL HOLDINGS (RLIN)
-- 1
Holdings
Withdrawn status Lost status Source of classification or shelving scheme Not for loan Home library Current library Date acquired Total Checkouts Total Renewals Full call number Barcode Date last seen Date last checked out Price effective from Koha item type
    Library of Congress Classification   Kabarak, Main Campus Kabarak, Main Campus 17/12/2015 10 1 HF5415 .S25 c.3 005058 13/02/2024 29/01/2024 17/12/2015 General Collection
    Library of Congress Classification   Kabarak, Main Campus Kabarak, Main Campus 17/12/2015 6   HF5415 .S25 c.2 003731 22/05/2019 14/05/2019 17/12/2015 General Collection